000
00300nam a22001337a 4500
008
170315b xxu||||| |||| 00| 0 eng d
020
_a
2901428304207
041
_a
eng
080
_2
11TH
_a
591
100
_a
7
101
_a
SHM
245
_a
BODY STRUCTURES & FUNCTIONS
_c
SCOTT, A.S
942
_2
udc
_c
BK
999
_c
7864
_d
7864